[Event "BL 8586 Bochum-Zähringen"]
[Site "?"]
[Date "1985.??.??"]
[Round "?.3"]
[White "Kiefer, G."]
[Black "Budde, V."]
[Result "0-1"]
[WhiteElo "2220"]
[BlackElo "2345"]
[PlyCount "102"]
[EventDate "1985.??.??"]

1. e4 e6 2. d4 d5 3. Nc3 Bb4 4. e5 c5 5. dxc5 Nd7 6. Nf3 Ne7 7. Bd3 Nc6 8. Qe2
Qc7 9. Bf4 f6 10. O-O Bxc3 11. bxc3 Nxc5 12. Rfe1 O-O 13. Qe3 Nxd3 14. cxd3 f5
15. Qc5 h6 16. h4 Rd8 17. a4 b6 18. Qa3 d4 19. c4 Bb7 20. Qb2 Qf7 21. Qe2 Rd7
22. Nd2 Na5 23. h5 Bc6 24. Reb1 Rc8 25. Nf1 Nb7 26. Ng3 Rdd8 27. Ra2 Qd7 28.
Qd1 Qc7 29. Rba1 a5 30. Ne2 Nc5 31. Rb1 Rb8 32. Bg3 Nxd3 33. Qxd3 Be4 34. Qb3
Bxb1 35. Qxb1 d3 36. Nf4 Qxc4 37. Rd2 b5 38. Rxd3 Rxd3 39. Nxd3 Qxa4 40. Nf4
Qc4 41. Qd1 b4 42. Qd6 Re8 43. Qd7 Qc8 44. Qb5 Qb8 45. Qxa5 b3 46. Nd3 b2 47.
Nxb2 Qxb2 48. Qc7 Qb4 49. Qc6 Re7 50. Qc8+ Kf7 51. Qh8 Qg4 0-1

[Event "BL 8586 Bochum-Zähringen"]
[Site "?"]
[Date "1985.??.??"]
[Round "?.4"]
[White "Beckemeyer, W."]
[Black "Miltner, A."]
[Result "1-0"]
[WhiteElo "2320"]
[BlackElo "2285"]
[PlyCount "67"]
[EventDate "1985.??.??"]

1. e4 c6 2. d4 d5 3. e5 Bf5 4. h4 h5 5. c4 dxc4 6. Bxc4 e6 7. Nc3 Nd7 8. Bg5
Be7 9. Qd2 Qc7 10. Rc1 Rd8 11. Nf3 Kf8 12. Bb3 a6 13. Qf4 g6 14. Bxe7+ Nxe7 15.
O-O Nb6 16. Ng5 Kg7 17. Rfd1 Nbd5 18. Qd2 Rd7 19. f3 Nxc3 20. bxc3 c5 21. Qf2
Nc6 22. dxc5 Nxe5 23. Rxd7 Nxd7 24. g4 hxg4 25. fxg4 Nxc5 26. gxf5 gxf5 27. Rd1
Kg6 28. Nxf7 Qxf7 29. Qxc5 Rxh4 30. Qd6 Qg7 31. Bxe6 Rg4+ 32. Kf2 Qxc3 33.
Bxf5+ Kxf5 34. Rd5+ 1-0

[Event "BL 8586 Bochum-Zähringen"]
[Site "?"]
[Date "1985.??.??"]
[Round "?.6"]
[White "Sonntag, H."]
[Black "Raupp, T."]
[Result "1/2-1/2"]
[WhiteElo "2305"]
[BlackElo "2275"]
[PlyCount "29"]
[EventDate "1985.??.??"]

1. d4 d5 2. c4 e6 3. Nc3 c5 4. cxd5 exd5 5. Nf3 Nc6 6. g3 Nf6 7. Bg2 Be7 8. O-O
O-O 9. dxc5 Bxc5 10. Bg5 d4 11. Bxf6 Qxf6 12. Nd5 Qd8 13. Nd2 Re8 14. Re1 Bg4
15. Rc1 1/2-1/2

[Event "BL 8586 Bochum-Zähringen"]
[Site "?"]
[Date "1985.??.??"]
[Round "?.7"]
[White "Schuh, H."]
[Black "Backwinkel, P."]
[Result "1/2-1/2"]
[WhiteElo "2300"]
[BlackElo "2350"]
[PlyCount "56"]
[EventDate "1985.??.??"]

1. Nf3 g6 2. g3 Bg7 3. Bg2 e5 4. c4 Nc6 5. O-O d6 6. Nc3 Be6 7. b3 h6 8. Bb2
Qd7 9. d4 Bh3 10. dxe5 Bxg2 11. Kxg2 Nxe5 12. Qd5 O-O-O 13. Qd4 c5 14. Qd2 Ne7
15. Rad1 Kb8 16. Rfe1 Qc6 17. Qc2 Rhe8 18. Nd5 Nxd5 19. Rxd5 Nxf3 20. Kxf3 Bxb2
21. Qxb2 Re5 22. Red1 Rde8 23. e3 h5 24. Ke2 Rxd5 25. Rxd5 Kc7 26. Qf6 Qd7 27.
h4 Re6 28. Qf4 Kc8 1/2-1/2

[Event "BL 8586 Solingen-Sindelfingen"]
[Site "?"]
[Date "1985.??.??"]
[Round "?.1"]
[White "Fahnenschmidt, G."]
[Black "Huebner, R."]
[Result "1/2-1/2"]
[WhiteElo "2335"]
[BlackElo "2620"]
[PlyCount "61"]
[EventDate "1985.??.??"]

1. d4 Nf6 2. Nf3 e6 3. c4 b6 4. a3 Bb7 5. Nc3 d5 6. cxd5 exd5 7. Bg5 Be7 8. e3
O-O 9. Bd3 Nbd7 10. O-O c5 11. Rc1 h6 12. Bf4 Ne4 13. Ne5 Ndf6 14. Bb1 Re8 15.
f3 Ng5 16. Kh1 Ne6 17. Bg3 Nf8 18. Ba2 Bd6 19. f4 Ne6 20. Bh4 cxd4 21. exd4 Be7
22. Bxf6 Bxf6 23. Qh5 Re7 24. Rcd1 Rc8 25. Rf3 Bxe5 26. fxe5 Rd7 27. Rg3 Kh8
28. Bb1 Rc4 29. Qg4 Qg5 30. Qh3 Qd8 31. Qf5 1/2-1/2

[Event "BL 8586 Solingen-Sindelfingen"]
[Site "?"]
[Date "1985.??.??"]
[Round "?.4"]
[White "Short, N."]
[Black "Ullrich, F."]
[Result "1-0"]
[WhiteElo "2575"]
[BlackElo "2285"]
[PlyCount "102"]
[EventDate "1985.??.??"]

1. e4 e5 2. Nf3 Nc6 3. Bb5 a6 4. Ba4 Nf6 5. O-O Be7 6. Re1 b5 7. Bb3 d6 8. a4
b4 9. a5 O-O 10. c3 Rb8 11. Bc4 Nd7 12. Qe2 bxc3 13. dxc3 Ra8 14. Nbd2 Ncb8 15.
b4 Nf6 16. Nf1 Be6 17. Ng3 Qd7 18. Bd3 Ne8 19. h3 g6 20. Bh6 Ng7 21. Rad1 Qc6
22. Qc2 Re8 23. Nf1 Bc4 24. Bxc4 Qxc4 25. Ne3 Qc6 26. Nd5 Nd7 27. c4 Ne6 28.
Qd3 Bf8 29. Be3 Qb7 30. Rb1 c6 31. Nc3 Nc7 32. Red1 Nf6 33. Nh2 d5 34. cxd5
cxd5 35. exd5 Rad8 36. Bg5 Ncxd5 37. Ng4 Be7 38. Nxd5 Nxd5 39. Bxe7 Qxe7 40.
Qxa6 Nxb4 41. Rxd8 Rxd8 42. Qb5 Nc2 43. Qxe5 Qxe5 44. Nxe5 Nd4 45. a6 Ra8 46.
Rb6 Kf8 47. g4 Ke7 48. Kg2 Ne6 49. Rb7+ Kd6 50. Nxf7+ Kd5 51. Rd7+ Kc5 1-0

[Event "BL 8586 Porz-München 36"]
[Site "?"]
[Date "1985.??.??"]
[Round "?.1"]
[White "Unzicker, W."]
[Black "Miles, A."]
[Result "1-0"]
[WhiteElo "2470"]
[BlackElo "2560"]
[PlyCount "125"]
[EventDate "1985.??.??"]

1. e4 c6 2. d4 d5 3. Nc3 dxe4 4. Nxe4 Nf6 5. Nxf6+ gxf6 6. Bc4 Bf5 7. Ne2 e6 8.
Ng3 Bg6 9. c3 Nd7 10. h4 h5 11. Be2 Qa5 12. b4 Qd5 13. O-O Nb6 14. a4 Qd8 15.
b5 f5 16. bxc6 bxc6 17. Bf3 Rc8 18. a5 Nd5 19. c4 Nb4 20. Bg5 Be7 21. Bxe7 Qxe7
22. Qd2 Rd8 23. Qc3 O-O 24. Rfe1 Rfe8 25. Bxh5 Bxh5 26. Nxh5 Qxh4 27. Re3 c5
28. dxc5 Qxh5 29. Rh3 Rd1+ 30. Rxd1 Qxd1+ 31. Kh2 e5 32. Rg3+ Kh7 33. Qxb4 Re6
34. Rh3+ Rh6 35. Rxh6+ Kxh6 36. Qc3 Kg6 37. g3 Kf6 38. Qe3 Ke6 39. c6 Qd4 40.
Qh6+ f6 41. Kg1 Qxc4 42. Qg7 Qc1+ 43. Kh2 Qxc6 44. Qxa7 Kd6 45. a6 Ke6 46. Qb7
Qc2 47. Kg2 e4 48. a7 Qd3 49. Qb6+ Kf7 50. Qe3 Qa6 51. Qc5 Kg6 52. Qd4 Qa3 53.
Qd7 f4 54. gxf4 f5 55. Kh2 Qa2 56. Kg3 Qg8 57. Qe7 Qc8 58. Qa3 Qa8 59. Qd6+ Kf7
60. Qc7+ Kg6 61. Qb8 Qc6 62. a8=Q Qc3+ 63. Kh2 1-0

[Event "BL 8586 Porz-München 36"]
[Site "?"]
[Date "1985.??.??"]
[Round "?.3"]
[White "Nikolac, J."]
[Black "Goehring, K."]
[Result "1-0"]
[WhiteElo "2440"]
[BlackElo "2355"]
[PlyCount "103"]
[EventDate "1985.??.??"]

1. d4 d5 2. c4 e6 3. Nc3 Nf6 4. Bg5 Be7 5. e3 h6 6. Bh4 O-O 7. Rc1 b6 8. cxd5
Nxd5 9. Nxd5 exd5 10. Bxe7 Qxe7 11. Be2 Bb7 12. Bf3 c6 13. Ne2 Nd7 14. O-O Nf6
15. Nf4 Rfd8 16. Nd3 Rac8 17. Qa4 a5 18. Rfd1 Qd6 19. Qb3 Qc7 20. h4 Ba6 21.
Ne5 c5 22. Ng4 Ne4 23. dxc5 bxc5 24. Rxd5 Nd2 25. Qd1 Nxf3+ 26. Qxf3 Bb7 27.
Rxd8+ Rxd8 28. Qf4 Qe7 29. Ne5 Rd5 30. Nc4 Rh5 31. Nd6 g5 32. Qg3 Kh7 33. Nxb7
Qxb7 34. Qe5 Rxh4 35. Rxc5 Qb4 36. Qc3 Qxc3 37. Rxc3 Rb4 38. b3 Kg6 39. Kf1 h5
40. Ke2 h4 41. Rc5 a4 42. Rc4 Rxc4 43. bxc4 g4 44. f3 f5 45. fxg4 fxg4 46. e4
Kf6 47. Ke3 Ke5 48. c5 a3 49. Kf2 Ke6 50. Ke2 Kd7 51. e5 Kd8 52. Ke3 1-0

[Event "BL 8586 Porz-München 36"]
[Site "?"]
[Date "1985.??.??"]
[Round "?.4"]
[White "Gruen, G."]
[Black "Bastian, H."]
[Result "0-1"]
[WhiteElo "2410"]
[BlackElo "2375"]
[PlyCount "62"]
[EventDate "1985.??.??"]

1. d4 Nf6 2. Nf3 g6 3. g3 Bg7 4. Bg2 O-O 5. c4 d6 6. O-O Nc6 7. Nc3 Rb8 8. d5
Na5 9. Nd2 c5 10. Qc2 a6 11. Rb1 b5 12. cxb5 axb5 13. b4 cxb4 14. Rxb4 Qc7 15.
Bb2 Ba6 16. Rc1 Rfc8 17. Qb1 Nc4 18. Nxc4 bxc4 19. a3 Nd7 20. Nb5 Bxb5 21. Bxg7
Kxg7 22. Rxb5 Rxb5 23. Qxb5 Ne5 24. Bh3 Rb8 25. Qa4 Qc5 26. Bg2 Rb3 27. e3 Rxe3
28. Qe8 Re2 29. Rf1 c3 30. a4 c2 31. Qb5 Rxf2 0-1

[Event "BL 8586 Porz-München 36"]
[Site "?"]
[Date "1985.??.??"]
[Round "?.5"]
[White "Zysk, R."]
[Black "Marian, R."]
[Result "1/2-1/2"]
[WhiteElo "2340"]
[BlackElo "2285"]
[PlyCount "86"]
[EventDate "1985.??.??"]

1. Nf3 Nf6 2. c4 e6 3. d4 c5 4. Nc3 a6 5. g3 Nc6 6. Bg2 cxd4 7. Nxd4 Qc7 8. O-O
d6 9. b3 Bd7 10. Bb2 Rd8 11. Rc1 Qb8 12. Nxc6 Bxc6 13. e4 Be7 14. Re1 e5 15.
Nd5 Bxd5 16. exd5 Nd7 17. c5 dxc5 18. f4 f6 19. fxe5 Nxe5 20. Bxe5 fxe5 21.
Qh5+ g6 22. Qxe5 Qxe5 23. Rxe5 Rf8 24. Rxc5 Rf7 25. d6 Rxd6 26. Rc8+ Rd8 27.
Bxb7 Rxc8 28. Bxc8 Rf6 29. Ra5 Bb4 30. Rxa6 Bc5+ 31. Kg2 Rf2+ 32. Kh3 Rd2 33.
Bg4 Kf7 34. Bf3 Bg1 35. g4 g5 36. Ra5 Be3 37. Re5 Rxh2+ 38. Kxh2 Bf4+ 39. Kg2
Bxe5 40. Bd5+ Ke7 41. Kf3 Kd6 42. Ke4 Bb2 43. Bg8 Kc5 1/2-1/2

[Event "BL 8586 Porz-München 36"]
[Site "?"]
[Date "1985.??.??"]
[Round "?.6"]
[White "Gerusel, M."]
[Black "Mueller, Hei"]
[Result "1-0"]
[WhiteElo "2390"]
[BlackElo "2255"]
[PlyCount "117"]
[EventDate "1985.??.??"]

1. d4 g6 2. c4 f5 3. g3 Bg7 4. Bg2 Nf6 5. Nf3 d6 6. b3 O-O 7. Bb2 c6 8. Nbd2 e5
9. dxe5 Ng4 10. Qc2 Nxe5 11. Rd1 Qe7 12. O-O Nbd7 13. Ba3 Nf7 14. Rfe1 Nc5 15.
e3 a5 16. Nd4 Ne5 17. N2f3 Nxf3+ 18. Bxf3 Bd7 19. Ne2 Rfd8 20. Rd2 Be8 21. Red1
Bf7 22. Nc3 Qc7 23. Ne2 Qe7 24. Bg2 Bf8 25. Bb2 Bg7 26. Nc3 Qc7 27. Ne2 Qe7 28.
Bxg7 Kxg7 29. Qb2+ Kg8 30. Nf4 a4 31. Nd3 axb3 32. Nxc5 dxc5 33. axb3 Rxd2 34.
Qxd2 Be6 35. Bf3 Kf7 36. e4 Qf6 37. Qd6 fxe4 38. Bxe4 Qe7 39. Qe5 Rd8 40. Re1
Qd6 41. Qg5 Re8 42. Qh6 Kg8 43. Bf3 Rf8 44. Qe3 Bh3 45. Rd1 Qf6 46. Be4 Bg4 47.
Rd3 Bf5 48. Bxf5 Qxf5 49. Kg2 Kg7 50. Rd6 Rf7 51. Re6 Qc2 52. h4 Qd1 53. Qe5+
Kh6 54. Rf6 Rxf6 55. Qxf6 Qd4 56. Qf8+ Kh5 57. f3 Qe3 58. Kh3 g5 59. g4+ 1-0

[Event "BL 8586 Porz-München 36"]
[Site "?"]
[Date "1985.??.??"]
[Round "?.8"]
[White "Kreutzkamp, R."]
[Black "Krause, C."]
[Result "1/2-1/2"]
[WhiteElo "2250"]
[BlackElo "2250"]
[PlyCount "134"]
[EventDate "1985.??.??"]

1. e4 d6 2. d4 Nf6 3. Nc3 g6 4. g3 Bg7 5. Bg2 O-O 6. Nge2 c6 7. a4 a5 8. O-O
Nbd7 9. h3 Rb8 10. Be3 Qc7 11. Qd2 Ne8 12. f4 Nb6 13. b3 f5 14. e5 d5 15. Bf3
Nd7 16. g4 e6 17. gxf5 exf5 18. Kh2 Qd8 19. Rg1 Nc7 20. Rg2 Ne6 21. Rag1 Rf7
22. Nd1 b6 23. c4 Ndf8 24. Ndc3 Nc7 25. cxd5 cxd5 26. Bf2 Be6 27. h4 Kh8 28.
Kh1 Rd7 29. Rh2 Bf7 30. h5 gxh5 31. Ng3 Bg6 32. Nxh5 Bxh5 33. Rxh5 Rf7 34. Bh4
Qd7 35. Qg2 Nfe6 36. Ne2 b5 37. Qh3 Nf8 38. Rxg7 Kxg7 39. Bf6+ Rxf6 40. exf6+
Kh8 41. Qxf5 bxa4 42. bxa4 Qxf5 43. Rxf5 Rd8 44. Nc3 Nfe6 45. Bxd5 Nxd4 46. Re5
Nxd5 47. Nxd5 Kg8 48. Nc7 Nc6 49. Re6 Rd1+ 50. Kg2 Rc1 51. Nd5 Kf7 52. Rd6 Rd1
53. Kf3 Nb4 54. Rd7+ Kf8 55. Ke4 h5 56. Nb6 Rxd7 57. Nxd7+ Ke8 58. Ne5 h4 59.
f7+ Kf8 60. Ng6+ Kxf7 61. Nxh4 Ke6 62. Nf5 Nd5 63. Nd4+ Kd6 64. Nb5+ Kc5 65. f5
Nf6+ 66. Ke5 Ng4+ 67. Kf4 Nf6 1/2-1/2

[Event "BL 8586 Wuppertal-Bayern"]
[Site "?"]
[Date "1985.??.??"]
[Round "?.1"]
[White "Ribli, Z."]
[Black "Dresen, U."]
[Result "1-0"]
[WhiteElo "2605"]
[BlackElo "2305"]
[PlyCount "83"]
[EventDate "1985.??.??"]

1. Nf3 g6 2. c4 Bg7 3. d4 d6 4. Nc3 Bg4 5. g3 c6 6. Bg2 Nf6 7. h3 Bxf3 8. Bxf3
e5 9. d5 c5 10. e4 h5 11. h4 Nbd7 12. Be2 Ng8 13. Bg5 Qb6 14. a4 a6 15. a5 Qc7
16. g4 Ngf6 17. f3 Bf8 18. Qd2 Be7 19. Be3 Rb8 20. Kf2 Qd8 21. Kg3 Ng8 22. g5
f6 23. Rhg1 fxg5 24. hxg5 b6 25. axb6 Rxb6 26. Bd1 Qb8 27. Ra2 Bd8 28. Ba4 h4+
29. Kh3 Qc8 30. Qg2 Ne7 31. Qg4 Bc7 32. Rga1 Rh7 33. Bxd7+ Qxd7 34. Rxa6 Qxg4+
35. Kxg4 Rxb2 36. Nb5 h3 37. f4 Rg2+ 38. Kf3 Nf5 39. exf5 gxf5 40. fxe5 dxe5
41. Nxc7+ Rxc7 42. Re6+ 1-0

[Event "BL 8586 Wuppertal-Bayern"]
[Site "?"]
[Date "1985.??.??"]
[Round "?.2"]
[White "Schneider, B1."]
[Black "Kindermann, S."]
[Result "0-1"]
[WhiteElo "2290"]
[BlackElo "2480"]
[PlyCount "92"]
[EventDate "1985.??.??"]

1. c4 e5 2. Nc3 Nc6 3. g3 g6 4. Bg2 Bg7 5. Nf3 d6 6. Rb1 f5 7. d3 Nf6 8. O-O
O-O 9. b4 a6 10. a4 h6 11. b5 axb5 12. axb5 Ne7 13. Bd2 Be6 14. Ra1 Rb8 15. Ra7
Nc8 16. Ra3 Nb6 17. Qc1 Kh7 18. c5 Nbd7 19. Na4 Qe7 20. c6 bxc6 21. bxc6 Nb6
22. Nxb6 Rxb6 23. Be3 Rb5 24. Ra7 Nd5 25. Qd2 Rfb8 26. Rc1 Rb2 27. Rc2 R2b4 28.
Qe1 e4 29. Nd2 Nxe3 30. fxe3 d5 31. Qf2 Be5 32. d4 Bd6 33. Qe1 Rb2 34. Rxb2
Rxb2 35. Qc1 Rb6 36. Ra8 Bf7 37. Ra2 Qe8 38. Kf2 Rxc6 39. Qa1 Rb6 40. Ra8 Qb5
41. Qa2 Kg7 42. Nf1 Qc4 43. Nd2 Qc3 44. Nb1 Qc1 45. Nd2 Rb2 46. Qa4 Qxd2 0-1

[Event "BL 8586 Wuppertal-Bayern"]
[Site "?"]
[Date "1985.??.??"]
[Round "?.3"]
[White "Bischoff, K."]
[Black "Meyer, P."]
[Result "1-0"]
[WhiteElo "2415"]
[BlackElo "2280"]
[PlyCount "79"]
[EventDate "1985.??.??"]

1. e4 e6 2. d3 d5 3. Nd2 Nf6 4. Ngf3 b6 5. c3 Be7 6. Qa4+ c6 7. Be2 O-O 8. O-O
a5 9. Re1 Ba6 10. Bf1 Nbd7 11. e5 Nc5 12. Qc2 Nfd7 13. a4 Qc7 14. d4 Bxf1 15.
Nxf1 Ne4 16. Ng3 Nxg3 17. hxg3 Rfe8 18. Bg5 Bf8 19. Be3 b5 20. g4 Rab8 21. g3
bxa4 22. Rxa4 Qb6 23. Bc1 c5 24. Kg2 cxd4 25. Rxd4 Nc5 26. Ng5 g6 27. Rf4 Qb3
28. Qb1 Bh6 29. Nxh7 Bxf4 30. Nf6+ Kf8 31. gxf4 Ne4 32. Nxe8 Kxe8 33. Qd3 Ke7
34. Rh1 Qb6 35. Qe2 a4 36. f3 a3 37. bxa3 Nxc3 38. Qe1 Qb3 39. Qf2 Qc4 40. Qa7+
1-0

[Event "BL 8586 Wuppertal-Bayern"]
[Site "?"]
[Date "1985.??.??"]
[Round "?.4"]
[White "Ingenerf, S."]
[Black "Hecht, H."]
[Result "1/2-1/2"]
[WhiteElo "2270"]
[BlackElo "2445"]
[PlyCount "48"]
[EventDate "1985.??.??"]

1. c4 Nf6 2. Nc3 e5 3. Nf3 Nc6 4. e3 Bb4 5. Qc2 d6 6. d4 O-O 7. a3 Bxc3+ 8.
Qxc3 Re8 9. d5 Nb8 10. Nd2 a5 11. b4 c6 12. e4 axb4 13. axb4 Rxa1 14. Qxa1 Na6
15. Ba3 Qb6 16. Qb2 Qd4 17. Qxd4 exd4 18. f3 cxd5 19. cxd5 Nxd5 20. b5 Nac7 21.
Bxd6 Bd7 22. Kf2 Nxb5 23. Bxb5 Bxb5 24. Nb3 Nf6 1/2-1/2

[Event "BL 8586 München 36-Wuppertal"]
[Site "?"]
[Date "1985.??.??"]
[Round "?.1"]
[White "Dresen, U."]
[Black "Unzicker, W."]
[Result "0-1"]
[WhiteElo "2305"]
[BlackElo "2470"]
[PlyCount "113"]
[EventDate "1985.??.??"]

1. g3 Nf6 2. Bg2 d5 3. Nf3 g6 4. c4 dxc4 5. Na3 Bg7 6. Nxc4 O-O 7. O-O Nc6 8.
b3 e5 9. Bb2 Nd7 10. Rc1 e4 11. Ne1 Bxb2 12. Nxb2 Nf6 13. Nc4 Re8 14. f3 Bf5
15. Ne3 exf3 16. Nxf3 Be4 17. Rc4 Nd5 18. Ng4 f5 19. Nf2 Nb6 20. Rc3 Bxf3 21.
Bxf3 Nd4 22. Nh3 Qe7 23. e3 Nxf3+ 24. Qxf3 c6 25. Nf4 Rad8 26. Rf2 Nd7 27. Qe2
Nf6 28. Qc4+ Qf7 29. Qxf7+ Kxf7 30. Rc2 Rd7 31. Kf1 Red8 32. Re2 g5 33. Nh3 h6
34. Nf2 Kg6 35. Ke1 Nd5 36. Rc4 Re8 37. Rd4 c5 38. Rc4 b6 39. a3 Rde7 40. Kf1
a5 41. Nd3 Nf6 42. Nf2 Nd7 43. Rc2 f4 44. gxf4 gxf4 45. e4 Ne5 46. d3 Rd7 47.
Rc3 Kh7 48. Rb2 Rd4 49. Ke2 Rg8 50. Kf1 f3 51. b4 axb4 52. axb4 c4 53. dxc4
Nxc4 54. Rbc2 Nd2+ 55. Rxd2 Rxd2 56. Rxf3 Rb2 57. h3 0-1

[Event "BL 8586 München 36-Wuppertal"]
[Site "?"]
[Date "1985.??.??"]
[Round "?.2"]
[White "Smejkal, J."]
[Black "Schneider, B1."]
[Result "0-1"]
[WhiteElo "2565"]
[BlackElo "2290"]
[PlyCount "74"]
[EventDate "1985.??.??"]

1. Nf3 g6 2. c4 Bg7 3. d4 d6 4. g3 e5 5. Nc3 exd4 6. Nxd4 Ne7 7. Bg2 Nbc6 8.
Nxc6 bxc6 9. Bd2 Be6 10. b3 O-O 11. O-O Qd7 12. Re1 Bh3 13. Bh1 f5 14. e3 Rf7
15. Rc1 Raf8 16. Ne2 g5 17. f4 h6 18. b4 Bb2 19. Rb1 Bf6 20. Bc3 Bg4 21. Qd3
Bxe2 22. Rxe2 Bxc3 23. Qxc3 Rg7 24. Rf1 Qe6 25. Qd3 Kh8 26. e4 gxf4 27. Rxf4
Qe5 28. Ref2 Ng6 29. Rxf5 Rxf5 30. exf5 Nf4 31. Qf1 Qe3 32. f6 Rxg3+ 33. hxg3
Qxg3+ 34. Qg2 Nxg2 35. Rxg2 Qe1+ 36. Kh2 Qh4+ 37. Kg1 Qxf6 0-1

[Event "BL 8586 München 36-Wuppertal"]
[Site "?"]
[Date "1985.??.??"]
[Round "?.4"]
[White "Bastian, H."]
[Black "Ingenerf, S."]
[Result "0-1"]
[WhiteElo "2375"]
[BlackElo "2270"]
[PlyCount "148"]
[EventDate "1985.??.??"]

1. e4 g6 2. d4 Bg7 3. c3 d6 4. Nf3 Nf6 5. Bd3 O-O 6. O-O Nc6 7. Re1 e5 8. h3
Nh5 9. Bg5 Qe8 10. Bb5 Bd7 11. dxe5 dxe5 12. Na3 a6 13. Bf1 Nf4 14. Qc1 Ne6 15.
Bh6 f6 16. Bxg7 Kxg7 17. Nc4 Ncd8 18. Ne3 Nf7 19. Qc2 Bc6 20. Rad1 Nd6 21. Nd5
Rd8 22. g3 Qf7 23. Nb4 Qe8 24. Bg2 a5 25. Nd5 Nc5 26. Nxc7 Qf7 27. Nd5 Ndxe4
28. c4 Nd6 29. b3 e4 30. Nh2 Nd3 31. Rxd3 exd3 32. Qxd3 Rfe8 33. Rd1 Nf5 34.
Ng4 Bxd5 35. Bxd5 Qe7 36. Qc3 b6 37. Kg2 h5 38. Nh2 Qe5 39. Qc1 h4 40. Nf3 Qc7
41. Nxh4 Nxh4+ 42. gxh4 Rh8 43. Rd4 Rh5 44. Qe3 Qc5 45. Qd2 Qe7 46. Qd3 f5 47.
Qc3 Qe5 48. Qd3 Kf6 49. Qd2 g5 50. Rd3 Rxh4 51. Re3 Re4 52. Rg3 f4 53. Rd3 Re2
54. Qd1 Qb2 55. Rf3 Qd2 56. Qa1+ Re5 57. Qb1 Rd7 58. Qa1 Rg7 59. Qc3 Qxc3 60.
Rxc3 Re2 61. a3 Ke5 62. b4 Rb2 63. bxa5 bxa5 64. Rd3 Rc7 65. Bg8 Rc5 66. Bf7
Kf6 67. Be8 Rxc4 68. a4 Rcc2 69. Rf3 Re2 70. Bc6 Ke5 71. Kf1 Rec2 72. Be8 Rc1+
73. Kg2 Re1 74. Bc6 Re3 0-1

[Event "BL 8586 Bayern-Porz"]
[Site "?"]
[Date "1985.??.??"]
[Round "?.1"]
[White "Miles, A."]
[Black "Ribli, Z."]
[Result "1/2-1/2"]
[WhiteElo "2560"]
[BlackElo "2605"]
[PlyCount "29"]
[EventDate "1985.??.??"]

1. d4 d5 2. c4 e6 3. Nc3 c6 4. Bf4 dxc4 5. e3 b5 6. a4 Nf6 7. axb5 cxb5 8. Nxb5
Bb4+ 9. Nc3 Nd5 10. Nge2 Nc6 11. Bg3 O-O 12. Qc2 f5 13. Rd1 Qa5 14. Rc1 Ba6 15.
Nf4 1/2-1/2

[Event "BL 8586 Bayern-Porz"]
[Site "?"]
[Date "1985.??.??"]
[Round "?.2"]
[White "Kindermann, S."]
[Black "Hort, V."]
[Result "1/2-1/2"]
[WhiteElo "2480"]
[BlackElo "2545"]
[PlyCount "30"]
[EventDate "1985.??.??"]

1. e4 e5 2. Nf3 Nc6 3. Bb5 a6 4. Ba4 d6 5. O-O Bd7 6. c3 g6 7. d4 Bg7 8. Re1
Nge7 9. dxe5 Nxe5 10. Nxe5 dxe5 11. Bxd7+ Qxd7 12. Qxd7+ Kxd7 13. Be3 Rhd8 14.
Nd2 Ke6 15. f3 Rd7 1/2-1/2

[Event "BL 8586 Bayern-Porz"]
[Site "?"]
[Date "1985.??.??"]
[Round "?.3"]
[White "Goehring, K."]
[Black "Bischoff, K."]
[Result "0-1"]
[WhiteElo "2355"]
[BlackElo "2415"]
[PlyCount "94"]
[EventDate "1985.??.??"]

1. d4 e6 2. c4 f5 3. Nf3 Nf6 4. g3 Be7 5. Bg2 O-O 6. O-O Ne4 7. Nbd2 Bf6 8. Qc2
d5 9. b3 Nc6 10. Bb2 a5 11. cxd5 exd5 12. Ne5 Nb4 13. Qd1 c6 14. Ndf3 Re8 15.
a3 Na6 16. Qc2 Nc7 17. Ne1 Be7 18. N1d3 Bd6 19. Rfe1 Qe7 20. e3 Rf8 21. f3 Nf6
22. Qd2 Ne6 23. b4 axb4 24. axb4 Rxa1 25. Bxa1 Nc7 26. Bb2 Nb5 27. Nc5 Qc7 28.
Bf1 Qb6 29. Bd3 Be7 30. Rc1 Nd6 31. Kg2 Qd8 32. Qc2 Qe8 33. Ra1 Qh5 34. Qb3 Kh8
35. b5 cxb5 36. Bc1 b6 37. Na6 g5 38. Be2 g4 39. Nb4 Nc4 40. Nbc6 Bd6 41. Qxb5
gxf3+ 42. Bxf3 Ng4 43. h3 Ngxe3+ 44. Bxe3 Nxe3+ 45. Kh2 Qh6 46. Re1 f4 47. g4
Qh4 0-1

[Event "BL 8586 Bayern-Porz"]
[Site "?"]
[Date "1985.??.??"]
[Round "?.4"]
[White "Hecht, H."]
[Black "Gruen, G."]
[Result "1-0"]
[WhiteElo "2445"]
[BlackElo "2410"]
[PlyCount "111"]
[EventDate "1985.??.??"]

1. e4 e5 2. Nf3 Nc6 3. Bb5 a6 4. Ba4 Nf6 5. O-O Be7 6. Bxc6 dxc6 7. Re1 Bg4 8.
h3 Bxf3 9. Qxf3 O-O 10. d3 Nd7 11. Qg3 Re8 12. Be3 Bc5 13. Nd2 Re6 14. Bxc5
Nxc5 15. Nf3 f6 16. Nh4 Kh8 17. Rad1 g6 18. Qe3 Qe7 19. Nf5 Qf8 20. Ng3 Rd8 21.
c3 b6 22. d4 Red6 23. Rd2 Ne6 24. Ne2 c5 25. d5 c6 26. Red1 cxd5 27. exd5 Ng5
28. Ng3 Qe7 29. f4 Nf7 30. f5 R6d7 31. Qd3 Kg7 32. Qxa6 Nd6 33. Qf1 e4 34. Qf4
g5 35. Qg4 Qe5 36. Re2 Re7 37. Rde1 Qxd5 38. Nxe4 Nxe4 39. Rxe4 Rxe4 40. Rxe4
h5 41. Re7+ Kf8 42. Qe4 Qxe4 43. Rxe4 Rd2 44. Re6 Rxb2 45. Rxf6+ Ke7 46. Re6+
Kf7 47. a4 Rb3 48. Rg6 Rxc3 49. Rxg5 Kf6 50. Rxh5 c4 51. g4 Ke5 52. Rh6 Kf4 53.
Kf2 Rc2+ 54. Ke1 Ke3 55. Re6+ Kd3 56. f6 1-0

[Event "BL 8586 Bayern-Porz"]
[Site "?"]
[Date "1985.??.??"]
[Round "?.5"]
[White "Marian, R."]
[Black "Calvo Minguez, R."]
[Result "0-1"]
[WhiteElo "2285"]
[BlackElo "2435"]
[PlyCount "39"]
[EventDate "1985.??.??"]

1. Nf3 d5 2. d4 Bf5 3. c4 e6 4. Nc3 Nf6 5. Bg5 c6 6. Qb3 Na6 7. c5 Rb8 8. Bf4
Nc7 9. Qa4 Ra8 10. h3 Ne4 11. e3 f6 12. Nxe4 Bxe4 13. Be2 g5 14. Bg3 h5 15. Qb3
Qc8 16. Nd2 Bg6 17. h4 g4 18. O-O Be7 19. Bd1 Bd8 20. f3 {.../50/} 0-1

[Event "BL 8586 Bayern-Porz"]
[Site "?"]
[Date "1985.??.??"]
[Round "?.6"]
[White "Hertneck, G."]
[Black "Gerusel, M."]
[Result "1-0"]
[WhiteElo "2410"]
[BlackElo "2390"]
[PlyCount "83"]
[EventDate "1985.??.??"]

1. d4 Nf6 2. c4 e6 3. Nf3 c5 4. d5 exd5 5. cxd5 d6 6. Nc3 g6 7. Bf4 a6 8. a4
Qe7 9. g3 Bg7 10. Bg2 Nbd7 11. O-O Nh5 12. Bg5 f6 13. Bd2 Ne5 14. a5 Bd7 15.
Nxe5 fxe5 16. b4 b6 17. axb6 cxb4 18. Ne4 Nf6 19. Bxb4 Nxe4 20. Bxe4 O-O 21.
Qd2 Rfb8 22. Ba5 Bf6 23. Rfc1 Qe8 24. Rc6 Be7 25. Kg2 Rb7 26. Qd3 Qf8 27. f3
Bd8 28. Rb1 Kg7 29. Qa3 Be7 30. Rc7 Rab8 31. Bd3 Qf7 32. Rxb7 Rxb7 33. Bxa6 Qf5
34. e4 Qh3+ 35. Kg1 Rb8 36. b7 Bc8 37. Bf1 Qh6 38. bxc8=Q Rxc8 39. Bb6 Rc2 40.
Bf2 Qd2 41. Qe3 Qa5 42. Rb7 1-0

[Event "BL 8586 Bayern-Porz"]
[Site "?"]
[Date "1985.??.??"]
[Round "?.7"]
[White "Schmidt, B."]
[Black "Hickl, J."]
[Result "1/2-1/2"]
[WhiteElo "2340"]
[BlackElo "2370"]
[PlyCount "102"]
[EventDate "1985.??.??"]

1. Nf3 Nf6 2. b3 e6 3. Bb2 b5 4. g3 Bb7 5. Bg2 Be7 6. O-O O-O 7. c4 bxc4 8.
bxc4 d6 9. Qb3 Qc8 10. Nc3 Nbd7 11. Rab1 c5 12. Ba1 Bc6 13. Qa3 Re8 14. d3 d5
15. Nd2 d4 16. Bxc6 Qxc6 17. Qa4 Qc8 18. Nd1 Qc7 19. e4 Rab8 20. Bb2 Ne5 21.
Qc2 Qa5 22. Bc1 Nc6 23. Rxb8 Rxb8 24. Nb3 Qb6 25. Bd2 Nb4 26. Bxb4 Qxb4 27. Qd2
Nd7 28. Qxb4 Rxb4 29. f4 Kf8 30. Rf2 Ke8 31. Rb2 Bd8 32. Kf1 Rb6 33. e5 Be7 34.
Na5 Rxb2 35. Nxb2 Nb8 36. Na4 Kd7 37. Ke2 Na6 38. a3 h5 39. Nb3 Kc6 40. Nb2 Nb8
41. Nd1 Nd7 42. Nf2 Nb6 43. Kd2 h4 44. Ne4 hxg3 45. hxg3 Nd7 46. Kc2 f5 47.
exf6 gxf6 48. g4 f5 49. gxf5 exf5 50. Ng3 Bd6 51. Nxf5 Bxf4 1/2-1/2